000 00532nam a22001817a 4500
005 20170918142538.0
010 _aENG-120414
020 _a9789380695433
_c50.00
035 _aEN-103946
037 _bDBAD/PUB
082 _a954
100 _aBhoomananda Tirtha
245 _aRestoring India to her glory /
_cby Bhoomananda Tirtha
260 _aThrissur
_bNarayanashrama tapovanam
_c2015
270 _avenginissery,P.O- Paralam
_bThrissur
_e680563
300 _ax,46p.
_c22cm(pbk)
942 _2ddc
_cEN
_h954
_mBHO
999 _c144849
_d144849